| 000 | 01023cam a2200241 4500 | ||
|---|---|---|---|
| 001 | WB3716-22 | ||
| 008 | 000000n2001 000 0 eng u | ||
| 035 | _a(Sirsi) u112145 | ||
| 245 | _aRetreat on business rate levy | ||
| 260 | _c2001 | ||
| 490 |
_aDETR Press Release _v(234) 24 April 2001 (3) |
||
| 520 | _aBowing to pressure from business organisations, government has scrapped plans to allow local authorities to levy a supplementary business rate in favour of US-style business improvement districts (BIDs). The BID scheme hopes to encourage businesses and local authorities to invest in regeneration. Further details will be published later this year in the Local Government Finance White Paper. | ||
| 590 | _aWB | ||
| 650 | _aSUPPLEMENTARY RATES | ||
| 650 | _aREGENERATION SCHEMES | ||
| 650 | _aBUSINESS RATES | ||
| 650 | _aBUSINESS IMPROVEMENT DISTRICTS | ||
| 650 | _aBIDS | ||
| 650 | _aLOCAL GOVERNMENT FINANCE | ||
| 650 | _aQUALITY OF LIFE | ||
| 690 | _aRATING AND LOCAL TAXATION | ||
| 942 | _n0 | ||
| 999 |
_c66788 _d66788 |
||